| 000 | 00354nam a22001457a 4500 | ||
|---|---|---|---|
| 008 | 231120b |||||||| |||| 00| 0 eng d | ||
| 020 | _a9789353670559 | ||
| 040 | _a13 | ||
| 100 | _aCHERUNILAM FRANCIS | ||
| 245 | _aINTERNATIONAL MARKETING | ||
| 250 | _a16ED | ||
| 260 |
_aNEW DELHI ARISTA PUB _bHIMALAYA PUB _c9/11/2023 |
||
| 300 | _a402 | ||
| 942 | _c02 | ||
| 999 |
_c57677 _d57677 |
||